Vliv inflace na finanční analýzu podniku

Úloha finančnej analýzy podniku. Spracovávanie informácií z finančného účtovníctva pre potreby finančného riadenia a rozhodovania. Skreslené údaje účtovnej závierky ovplyvnené infláciou. Upravené finančné výkazy. Porovnanie finančných ukazovateľov pri použití metód reprodukčných a historických nákla...

Ausführliche Beschreibung

Gespeichert in:
Bibliographische Detailangaben
1. Verfasser: Hvastová, Jozefína, 1969-
Format: Buchkapitel
Sprache:Tschechisch
Schlagworte:
Tags: Tag hinzufügen
Keine Tags, Fügen Sie das erste Tag hinzu!

MARC

LEADER 00000naa$a2200000$$$4500
001 0045088
005 20240502083124.9
041 0 |a cze 
044 |a CZ 
245 1 0 |a Vliv inflace na finanční analýzu podniku  |c Jozefína Hvastová 
520 |a Úloha finančnej analýzy podniku. Spracovávanie informácií z finančného účtovníctva pre potreby finančného riadenia a rozhodovania. Skreslené údaje účtovnej závierky ovplyvnené infláciou. Upravené finančné výkazy. Porovnanie finančných ukazovateľov pri použití metód reprodukčných a historických nákladov. Porovnanie vplyvu reprodukčných a historických nákladov na vybrané finančné ukazovatele. 
610 2 0 |a financie 
610 2 0 |a podnik 
610 2 0 |a analýza finančná 
610 2 0 |a ukazovatele finančné 
610 2 0 |a závierka účtovná 
610 2 0 |a inflácia 
610 2 0 |a náklady 
100 1 |a Hvastová, Jozefína, 1969-